Every town in Sweden: Östergötland - Statistics

General Stats
  • This quiz has been taken 5 times
  • The average score is 27 of 33
Answer Stats
Municipality Letter Population City/Town % Correct
Åtvidaberg Å 7,112 Åtvidaberg
100%
Linköping B 1,701 Berg
100%
Boxholm B 3,950 Boxholm
100%
Finspång F 13,305 Finspång
100%
Norrköping K 1,652 Kimstad
100%
Kinda K 4,092 Kisa
100%
Linköping L 3,109 Linghem
100%
Linköping L 175,408 Linköping
100%
Linköping L 7,062 Ljungsbro
100%
Linköping M 6,225 Malmslätt
100%
Mjölby M 14,479 Mjölby
100%
Motala M 42,016 Motala
100%
Norrköping N 154,205 Norrköping
100%
Ödeshög Ö 2,758 Ödeshög
100%
Ydre Ö 1,100 Österbymo
100%
Mjölby S 3,778 Skänninge
100%
Söderköping S 7,413 Söderköping
100%
Vadstena V 5,990 Vadstena
100%
Valdemarsvik V 2,818 Valdemarsvik
100%
Linköping V 2,207 Vikingstad
100%
Norrköping Å 5,497 Åby
67%
Motala B 3,084 Borensberg
67%
Linköping E 2,198 Ekängen
67%
Åtvidaberg G 1,130 Grebo
67%
Finspång R 1,066 Rejmyre
67%
Kinda R 2,489 Rimforsa
67%
Linköping S 2,450 Sturefors
67%
Valdemarsvik G 1,380 Gusum
33%
Norrköping K 4,629 Krokek
33%
Mjölby M 4,037 Mantorp
33%
Norrköping Ö-H 1,042 Östra Husby
33%
Norrköping S 4,380 Skärblacka
33%
Norrköping S 3,170 Svärtinge
33%
No matching quizzes found
Score Distribution
Percent of People with Each Score
Percentile by Number Answered
Your Score History
You have not taken this quiz